| 000 | 00427nam a22001697a 4500 | ||
|---|---|---|---|
| 005 | 20251108175712.0 | ||
| 008 | 250721s9999 xx 000 0 eng d | ||
| 082 | 1 | 4 | _aJ/F/FIR |
| 245 | 1 | 4 | _aTHE FIRST WELL / |
| 264 | 1 |
_aDELHI : _bMANOJ PUBLICATIONS, |
|
| 300 | _aP(16). | ||
| 490 | 0 | _aPRESCHOOL READER FOR BEGINNERS | |
| 650 | 1 | 7 | _aFICTION |
| 653 | _aاطفال مرحلة (6-9) | ||
| 942 |
_2ddc _cBK |
||
| 999 |
_c140362 _d140362 |
||